Statistics for NASCAR Cup Winners at Richmond Raceway

Click here to take the quiz!

General Stats

  • This quiz has been taken 815 times
    (15 since last reset)
  • The average score is 85 of 135

Answer Stats

YearWinner% Correct
1985 | 1987 | 1990 | 1991Dale Earnhardt
100%
2000 | 2004 | 2006Dale Earnhardt Jr
100%
2005 | 2015Kurt Busch
100%
2009 | 2010 | 2011 | +2 othersKyle Busch
100%
1986Kyle Petty
100%
1953 | 1960Lee Petty
100%
1961 | 1967 | 1968 | +6 othersRichard Petty
100%
1992Bill Elliott
89%
2009 | 2010 | 2016 | +2 othersDenny Hamlin
89%
1996 | 2000Jeff Gordon
89%
2007 | 2008Jimmie Johnson
89%
2014 | 2017Joey Logano
89%
1965Junior Johnson
89%
2019 | 2021Martin Truex Jr
89%
1969 | 1974 | 1979 | +3 othersBobby Allison
78%
1988 | 1993Davey Allison
78%
2006 | 2011 | 2013 | 2022Kevin Harvick
78%
2017 | 2023Kyle Larson
78%
2014 | 2020Brad Keselowski
67%
2013 | 2016Carl Edwards
67%
2002 | 2015Matt Kenseth
67%
1989 | 1992 | 1993 | +2 othersRusty Wallace
67%
2021Alex Bowman
56%
2023Chris Buescher
56%
1975 | 1978 | 1980 | +3 othersDarrell Waltrip
56%
1994 | 1995 | 1998Terry Labonte
56%
1999 | 2001 | 2002Tony Stewart
56%
1978 | 1981Benny Parsons
44%
1976 | 1977 | 1979Cale Yarborough
44%
1964 | 1965 | 1966 | +2 othersDavid Pearson
44%
1990Mark Martin
44%
2003Ryan Newman
44%
1956Buck Baker
33%
2008 | 2012Clint Bowyer
33%
1998Jeff Burton
33%
2005Kasey Kahne
33%
1997 | 1999Dale Jarrett
22%
2004Jeremy Mayfield
22%
1963Ned Jarrett
22%
1984 | 2001Ricky Rudd
22%
1986Tim Richmond
22%
1994 | 1996Ernie Irvan
11%
1991Harry Gant
11%
2003Joe Nemechek
11%
1961 | 1962 | 1963Joe Weatherly
11%
1977 | 1988Neil Bonnett
11%
1962Rex White
11%
1959 | 1964Cotton Owens
0%
1976 | 1982Dave Marcis
0%
1970James Hylton
0%
1957Paul Goldsmith
0%
1958 | 1960Speedy Thompson
0%
1955Tim Flock
0%
1959Tom Pistone
0%

Score Distribution

Percentile by Number Answered

Percent of People with Each Score

Your Score History

You have not taken this quiz since the last reset